Thuật ngữ và ký hiệu âm nhạc thường dùng /
Сохранить в:
| Главный автор: | |
|---|---|
| Другие авторы: | , |
| Формат: | Sách giấy |
| Язык: | Vietnamese |
| Опубликовано: |
Hà Nội :
Văn hóa,
1984.
|
| Метки: |
Добавить метку
Нет меток, Требуется 1-ая метка записи!
|
| Thư viện lưu trữ: | Thư viện Trường Đại học Đà Lạt |
|---|
| LEADER | 00732nam a2200289 4500 | ||
|---|---|---|---|
| 001 | DLU020004246 | ||
| 005 | ##19990602 | ||
| 040 | # | # | |a DLU |b vie |
| 041 | # | # | |a vie |
| 044 | # | # | |a vn |
| 082 | # | # | |a 780.14 |b DA-T |
| 100 | # | # | |a Đào Trọng Từ. |
| 245 | # | # | |a Thuật ngữ và ký hiệu âm nhạc thường dùng / |c Đào Trọng Từ, Đỗ Mạnh Thường, Đức Bằng. |
| 260 | # | # | |a Hà Nội : |b Văn hóa, |c 1984. |
| 300 | # | # | |a 110 tr. ; |c 19 cm. |
| 700 | # | # | |a Đỗ Mạnh Thường. |
| 700 | # | # | |a Đức Bằng. |
| 992 | # | # | |a 456 |
| 994 | # | # | |a DLU |
| 998 | # | # | |a TK |
| 900 | # | # | |a False |
| 911 | # | # | |a Administrator |
| 925 | # | # | |a G |
| 926 | # | # | |a A |
| 927 | # | # | |a SH |
| 980 | # | # | |a Thư viện Trường Đại học Đà Lạt |